000 00246nam a2200085Ia 4500
245 0 _aGripping GAAP
100 _a Sowden-Service, Cathrynne Durban, 2009 10th ed., 2009 ed
_976939
942 _cBK
008 210817s9999 xx 000 0 und d
999 _c261686
_d261685